000 00959nam a22003497a 4500
001 0026621
003 KOHA_MİRAKIL
005 20260207002533.0
007 ta
008 101227b2002 tu |||gr||||#0|||1|tur |
020 _a9753081715
040 _aTR-BiSEU
_btur
_cTR-BiSEU
_erda
041 0 _atur
044 _ctu
050 _aPL234.E77
_bS44 2002
100 1 _aErsöz, Cezmi.
245 1 _aŞehirden bir çocuk sevdin yine/
_cCezmi Ersöz ; Cezmi Ersöz.
250 _a2. bsk.
264 1 _aİstanbul :
_bGendaş A.Ş.
_c2002
300 _a48 s. ;
_c19 cm.
336 _ametin
_btxt
_2rdacontent
337 _aaracısız
_bn
_2rdamedia
338 _acilt
_bnc
_2rdacarrier
490 1 _ayeni seri:219.
490 1 _aTürk edebiyatı ;
_v27
650 0 _aTurkish poetry.
_93912
650 0 _aTürk şiiri.
_93914
830 1 _ayeni seri:219.
_952815
830 1 _aTürk edebiyatı ;
_v27
_922940
907 _aŞiir
942 _2lcc
_cBK
999 _c26559
_d26559